| 000 | 01273nam0a22003371 4500 | ||
|---|---|---|---|
| 001 | rc\2155669 | ||
| 005 | 20250623032014.0 | ||
| 035 | _a(NLR Aleph) 006543668 | ||
| 090 |
_a6664169 _c6664168 |
||
| 100 | _a20110826d1978 |||y0rusy50 ca | ||
| 101 | 0 | _arus | |
| 102 | _aRU | ||
| 105 | _ay j ||||| | ||
| 200 | 1 |
_aСравнительная педагогика _e[Курс лекций для пед. ин-тов] _fМ.А. Соколова, Е.Н. Кузьмина, М.Л. Родионов |
|
| 210 |
_aМосква _cПросвещение _d1978 |
||
| 215 |
_a192 с. _d22 |
||
| 320 | _aБиблиогр.: с. 188-190 | ||
| 606 |
_aПедагогика сравнительная _2psbo |
||
| 686 |
_aЧ33(0)6-21 _2rubbk |
||
| 686 |
_aЧ33(0)6-28 _2rubbk |
||
| 700 | 1 |
_7ca _8rus _aСоколова _bМ. А. _cканд. пед. наук _gМария Александровна _9240124 _3RU\NLR\AUTH\770240180 |
|
| 701 | 1 |
_aРодионов _bМ. Л. _gМихаил Леонидович |
|
| 701 | 1 |
_aКузьмина _bЕ. Н. _gЕлена Николаевна |
|
| 801 | 0 |
_aRU _bNLR _gpsbo |
|
| 801 | 1 |
_aRU _bELAR _2rusmarc |
|
| 852 |
_aNLR _j79-5/554 |
||
| 899 |
_aRuMoRGB _jБ 78-11/890 |
||
| 899 |
_aRuMoRGB _jБ 78-11/891 |
||
| 942 | _cBOOK | ||
| 980 | _aNB | ||